000 00686nam a2200121Ia 4500
008 220615s9999||||xx |||||||||||||| ||und||
245 0 _aDoing Human Service Ethnography
546 _aEnglish[eng]
650 _aEthnography; Fieldwork; Health and Social Care; Human Service Organizations; Institutional Ethnography; Organisation Studies; Qualitative Research; Social Work; Welfare
700 _aJacobsson, Katarina||Gubrium, Jaber
856 _uhttps://library.oapen.org/bitstream/20.500.12657/49673/1/9781447355809.pdf||https://library.oapen.org/bitstream/20.500.12657/49673/14/9781447355809.pdf||https://library.oapen.org/bitstream/20.500.12657/49673/14/9781447355809.pdf
942 _cEB
999 _c12335
_d12335